header

Capital project delivery (Record no. 141875)

MARC details
000 -LEADER
fixed length control field 01774nam a2200433 a 4500
082 04 - DEWEY DECIMAL CLASSIFICATION NUMBER
Classification number 363.6/10684
100 1# - MAIN ENTRY--AUTHOR NAME
Personal name LaBonde, Shawn.
245 10 - TITLE STATEMENT
Title Capital project delivery
250 ## - EDITION STATEMENT
Edition statement 2nd ed.
260 ## - PUBLICATION, DISTRIBUTION, ETC. (IMPRINT)
Place of publication Denver, Colo. :
Name of publisher American Water Works Association,
Year of publication c2010.
300 ## - PHYSICAL DESCRIPTION
Number of Pages xiv, 170 p. :
Other physical details ill.
490 1# - SERIES STATEMENT
Series statement AWWA manual ;
500 ## - GENERAL NOTE
General note "Second edition of AWWA Manual 47, formerly known as the Construction Contract Administration manual, published in 1996"--Pref.
650 #0 - SUBJECT ADDED ENTRY--TOPICAL TERM
Topical Term Water utilities
Topical Term Construction projects
Topical Term Waterworks
Topical Term Water treatment plant construction contracts
856 40 - ELECTRONIC LOCATION AND ACCESS
Uniform Resource Identifier http://site.ebrary.com/lib/rucke/Doc?id=10522376

No items available.

© 2026 Rongo University
Contact us: librarian | system librarian | Rongo university